000
00297nam a2200133Ia 4500
008
230312s9999||||xx |||||||||||||| ||und||
082
_a
004
_b
LON
100
_a
Long Larry
245
0
_a
Computers
300
_a
481
546
_a
Eng.
650
_a
Computer
_v
Getting Started , Software
942
_c
BK
999
_c
3379
_d
3379